The brick book / (Запис № 476500)

МАРК-запис
000 -LEADER
fixed length control field 01503cam a2200361 i 4500
001 - CONTROL NUMBER
control field brickbook00hayw
003 - CONTROL NUMBER IDENTIFIER
control field CaSfIA
005 - DATE AND TIME OF LATEST TRANSACTION
control field 20210117221704.0
007 - PHYSICAL DESCRIPTION FIXED FIELD--GENERAL INFORMATION
fixed length control field cr||||
008 - FIXED-LENGTH DATA ELEMENTS--GENERAL INFORMATION
fixed length control field 770228s1977 nyua 001 0 eng
010 ## - LIBRARY OF CONGRESS CONTROL NUMBER
LC control number 77000022
040 ## - CATALOGING SOURCE
Original cataloging agency DLC
Transcribing agency DLC
Modifying agency OCL
-- OCLCQ
-- WPG
-- NIALS
-- CaSfIA
020 ## - INTERNATIONAL STANDARD BOOK NUMBER
International Standard Book Number 0690014481
020 ## - INTERNATIONAL STANDARD BOOK NUMBER
International Standard Book Number 9780690014488
035 ## - SYSTEM CONTROL NUMBER
System control number (OCoLC)2818777
050 #0 - LIBRARY OF CONGRESS CALL NUMBER
Classification number TH1301
Item number .H39 1977
082 00 - DEWEY DECIMAL CLASSIFICATION NUMBER
Classification number 693.2/1
029 1# - (OCLC)
OCLC library identifier NZ1
System control number 4237023
029 1# - (OCLC)
OCLC library identifier AU@
System control number 000000855636
100 1# - MAIN ENTRY--PERSONAL NAME
Personal name Hayward, Robert.
245 14 - TITLE STATEMENT
Title The brick book /
Medium [electronic resource]
Statement of responsibility, etc Robert Hayward.
260 ## - PUBLICATION, DISTRIBUTION, ETC. (IMPRINT)
Place of publication, distribution, etc New York :
Name of publisher, distributor, etc T.Y. Crowell,
Date of publication, distribution, etc c1977.
300 ## - PHYSICAL DESCRIPTION
Extent 192 p. :
Other physical details ill. ;
Dimensions 27 cm.
500 ## - GENERAL NOTE
General note Includes index.
506 ## - RESTRICTIONS ON ACCESS NOTE
Standardized terminology for access restriction Необхідна авторизація на https://archive.org/ (створення облікового запису безкоштовно)
506 ## - RESTRICTIONS ON ACCESS NOTE
Standardized terminology for access restriction Необхідна авторизація на https://openlibrary.org/ (створення облікового запису безкоштовно)
650 #0 - SUBJECT ADDED ENTRY--TOPICAL TERM
Topical term or geographic name as entry element Building, Brick
Form subdivision Amateurs' manuals.
650 #0 - SUBJECT ADDED ENTRY--TOPICAL TERM
Topical term or geographic name as entry element Bricklaying
Form subdivision Amateurs' manuals.
776 08 - ADDITIONAL PHYSICAL FORM ENTRY
Display text Online version:
Main entry heading Hayward, Robert.
Title Brick book.
Place, publisher, and date of publication New York : T.Y. Crowell, c1977
Record control number (OCoLC)557870126
856 41 - ELECTRONIC LOCATION AND ACCESS
Uniform Resource Identifier <a href="http://www.archive.org/details/brickbook00hayw">http://www.archive.org/details/brickbook00hayw</a>
Public note Free eBook from the Internet Archive
856 42 - ELECTRONIC LOCATION AND ACCESS
Uniform Resource Identifier <a href="http://www.openlibrary.org/books/OL4534408M">http://www.openlibrary.org/books/OL4534408M</a>
Public note Additional information and access via Open Library
942 ## - ADDED ENTRY ELEMENTS (KOHA)
Koha item type ЕКнига

Немає доступних примірників.